| 000 | 00775cam a22002413a 4500 | ||
|---|---|---|---|
| 001 | 15446 | ||
| 003 | PGUSA | ||
| 005 | 20140828083330.0 | ||
| 008 | 050323s2005||||xxu|||||s|||||000 | eng d | ||
| 040 |
_aPGUSA _beng |
||
| 042 | _adc | ||
| 050 | 4 | _aMT | |
| 100 | 1 |
_aBrower, Harriette, _d1869-1928 |
|
| 245 | 1 | 0 |
_aVocal Mastery : _bTalks with Master Singers and Teachers, Comprising Interviews with Caruso, Farrar, Maurel, Lehmann, and Others _h[electronic resource] / _cHarriette Brower |
| 260 |
_bProject Gutenberg, _c2005 |
||
| 506 | _aPublic domain in the USA. | ||
| 516 | _aElectronic text | ||
| 653 | _aSingers | ||
| 653 | _aSinging -- Instruction and study | ||
| 830 | 0 |
_aProject Gutenberg _v15446 |
|
| 856 | 4 | 0 | _uhttp://www.gutenberg.org/ebooks/15446 |
| 942 | _cEB | ||
| 999 |
_c244701 _d244701 |
||